| 000 | 00597nam a2200181 a 4500 | ||
|---|---|---|---|
| 005 | 20140412111407.0 | ||
| 008 | 061206s19uu xx 00 eng d | ||
| 020 | _a0-439-62576-9 | ||
| 050 |
_aTR(GS 372.6 _bPa117 2005 |
||
| 100 | _aPadak, Nancy | ||
| 245 |
_aFast start for early learners : _bGrades K-2 / _cNancy Padak. |
||
| 260 |
_aU.S.A : _bScholastic, _c2005. |
||
| 300 | _a144p. | ||
| 520 | _aA research-based, send-home literacy program with 60 reproducible poems and activities that ensures reading success for every child | ||
| 650 | _aPoems | ||
| 650 | _aReading | ||
| 999 |
_c105583 _d105583 |
||